LEADER 00920nam a2200241 i 4500 001 000000234055 003 CaOOAMICUS 005 20141003000000.0 008 141003s1893 it u000 u ita u 013 $a212958 040 $aSeMil$bita 100 1 $aFaralli, Giovanni.$0(OLS)http://semarc/name/80282 245 10$aIgiene della vita pubblica e privata /$cdel dottore Giovanni Faralli. 260 $aMilano :$bUlrico Hoepli,$c1893. 300 $aXII, 259 p. ;$c16 cm. 490 0 $aManuali Hoepli 650 4$aIgiene.$0(OLS)http://semarc/subject/37058 830 0$aManuali Hoepli.$0(OLS)http://semarc/title/7639 850 $aSeMil 852 $aSeMil$W1$xVenegono$y1$m2ZA V 6 FA$j184401$B184401$CSeMilBibl$Z2$F195386 $8I 961 $aOmaggio: Altro 996 $6245$aIgiene della vita pubblica e privata$9(OLS)http://semarc/title/334119 996 $6260$aMilano :$bUlrico Hoepli$9(OLS)http://semarc/publisher/29765 LEADER 01611nam a2200289 i 4500 001 000000116483 003 CaOOAMICUS 005 20080228000000.0 008 080228s1979 fr u000 u fre u 013 $a89172 020 $a2-13-036306-7 040 $aSeMil$bita 100 1 $aLévitte, Georges.$0(OLS)http://semarc/name/7458 245 10$aJérusalem l'unique et l'universel :$bdonnées et débats : 19. Colloque d'Intellectuels juifs de Langue française organisé par la Section Française du Congrès Juif Mondial /$ctextes introduits, présentés et revus par Jean Halpérin et Georges Lévitte. 260 $aParis :$bPresses Universitaires de France,$c1979. 300 $a205 p. ;$c24 cm. 500 $aIn testa al front. : Congrès juif mondial. - Fondo Card. C.M. Martini. 650 4$aGerusalemme - Atti di congressi.$0(OLS)http://semarc/subject/21481 700 1 $aHalpérin, Jean <1921->.$0(OLS)http://semarc/name/45585 700 1 $aColloque des intellectuels juifs de Langue française <19.>.$0(OLS)http://semarc/name/48668 850 $aSeMil 852 $aSeMil$W1$xVenegono$y1$m2V V 60$j270469$B71921$CSeMilBibl$Z2$F102215 $81 941 1 $a4 961 $aOmaggio: Martini Card. Carlo Maria 996 $6020$a2-13-036306-7$9(OLS)http://semarc/number/100620 996 $6245$aJérusalem l'unique et l'universel :$bdonnées et débats : 19. Colloque d'Intellectuels juifs de Langue française organisé par la Section Française du Congrès Juif Mondial$9(OLS)http://semarc/title/170820 996 $6260$aParis :$bPresses Universitaires de France$9(OLS)http://semarc/publisher/30047